عرض عادي
عرض مارك
- Managerial accounting.
مدخل مصطلح موضوعي
001 - رقم الضبط
- حقل الضبط: 17759
003 - معرف رقم الضبط
- حقل الضبط: OSt
005 - تاريخ ووقت أخر عملية
- حقل الضبط: 20121130014435.0
008 - عناصر بيانات ثابتة الطول
- حقل تحكم ثابت الطول: 121130|||a|||||| | ||| d
040 ## - مصدر الفهرسة
- هيئة الفهرسة الأصلية: OSt
- وكالة الكتابة: OSt
150 ## - مدخل-- مصطلح تاريخي
- عنصر مدخل المصطلح الموضوعي او الاسم الجغرافي: Managerial accounting.
670 ## - بيانات المصدر موجوده
- الاستشهاد بالمصدر: Work cat.: (OSt)0: Merchant, Kenneth A. 17758, Management control systems :, 2012.
